History Quiz

Random History Quiz
Score 0/40 Timer 05:00
0 Plays Today
Design Description % Correct
1793 - Design 1'Flowing Hair' Liberty Head
90.5%
1793 - Design 1Liberty
90.5%
1793 - Design 1United States of America
90.5%
1793 - Design 2'Flowing Hair' Liberty Head
90.5%
1793 - Design 2Liberty
90.5%
1793 - Design 2United States of America
90.5%
1793-1796Liberty Head with Phrygian Cap on Staff
90.5%
1793-1796Liberty
90.5%
1793-1796United States of America
90.5%
1796-1807Liberty 'Draped Bust'
90.5%
1796-1807Liberty
90.5%
1796-1807United States of America
90.5%
1808-1814'Classic Head' Liberty within Stars
90.5%
1808-1814Liberty (On Coronet)
90.5%
1808-1814United States of America
90.5%
1816-1839'Matron Head' Liberty within Stars
90.5%
1816-1839Liberty (On Coronet)
90.5%
1816-1839United States of America
90.5%
1837-1857'Braided Hair' Liberty Head within Stars
90.5%
1837-1857Liberty (On Coronet)
90.5%
Design Description % Correct
1837-1857United States of America
90.5%
1793 - Design 1One Cent
85.7%
1793 - Design 2One Cent
85.7%
1793-1796One Cent
85.7%
1796-1807One Cent
85.7%
1808-1814One Cent
85.7%
1816-1839One Cent
85.7%
1837-1857One Cent
85.7%
1793 - Design 11/100
76.2%
1793 - Design 21/100
76.2%
1793-17961/100
76.2%
1796-18071/100
76.2%
1793 - Design 2Value within Wreath
66.7%
1793-1796Value within Wreath
66.7%
1796-1807Value within Wreath
66.7%
1808-1814Value within Wreath
66.7%
1816-1839Value within Wreath
66.7%
1837-1857Value within Wreath
66.7%
1793 - Design 1Value within Circular Chain
57.1%
1793-1796One Hundred for a Dollar
28.6%
Remove Ads.
Support Sporcle.
Get the best of Sporcle when you Go Orange. This ad-free experience offers more features, more stats, and more fun while also helping to support Sporcle. Thank you for becoming a member.

You're not logged in!

Compare scores with friends on all Sporcle quizzes.
OR
Log In

Show Comments

Extras

Top Quizzes Today


Score Distribution

Your Account Isn't Verified!

In order to create a playlist on Sporcle, you need to verify the email address you used during registration. Go to your Sporcle Settings to finish the process.

Report this User

Report this user for behavior that violates our Community Guidelines.

Details: